Variačný koeficient cedenta a zaisťovateľa pre rȏzne typy zaistenia

Uložené v:
Podrobná bibliografia
Hlavný autor: Gogola, Ján, 1977-
Ďalší autori: Zelinová, Silvia, 1987-
Médium: Kniha
Jazyk:Slovak
Vydavateľské údaje: Bratislava [Katedra matematiky a aktuárstva FHI] [2025]
Vydanie:1. vydanie
Predmet:
Tagy: Pridať tag
Žiadne tagy, Buďte prvý, kto otaguje tento záznam!

MARC

LEADER 00000nlm a2200000 4500
001 0308763
005 20251111084639.1
041 0 |a slo 
044 |a SK 
245 1 0 |a Variačný koeficient cedenta a zaisťovateľa pre rȏzne typy zaistenia  |c Ján Gogola, Silvia Zelinová 
250 |a 1. vydanie 
264 1 |a Bratislava  |b [Katedra matematiky a aktuárstva FHI]  |c [2025] 
300 |a [5] s. 
610 2 0 |a matematika poistná 
610 2 0 |a zaisťovatelia 
610 2 0 |a zaistníci 
610 2 0 |a riziko poistné 
610 2 0 |a koeficient variačný 
100 1 |a Gogola, Ján, 1977- 
700 1 |a Zelinová, Silvia, 1987-